| 000 | 00535nam a2200205Ia 4500 | ||
|---|---|---|---|
| 005 | 20250508151631.0 | ||
| 008 | 008 250505s9999 xx 000 0 eng d | ||
| 037 | _aTextBook | ||
| 040 |
_aFEDL _beng _cFEDL |
||
| 041 |
_aeng _2eng |
||
| 084 |
_a155.4, ALM _qFEDL |
||
| 100 |
_aAlmg M _9759637 |
||
| 245 | 0 | _aChild development | |
| 260 |
_aNew York, USA _bHenry Holt and Company _c1955 |
||
| 300 | _a490p | ||
| 365 |
_aINR _b28 |
||
| 650 | _aChild Psychology | ||
| 942 |
_cTB _h155.4, ALM |
||
| 999 |
_c1331031 _d1331031 |
||